Online katalóg knižníc regiónu Turca

Mulatka Gabriela (Record no. 20682)

MARC details
000 -LEADER
fixed length control field 01135cam a2200337 a 4500
001 - CONTROL NUMBER
control field 20682
003 - CONTROL NUMBER IDENTIFIER
control field VRT
005 - DATE AND TIME OF LATEST TRANSACTION
control field 20260129120505.0
008 - FIXED-LENGTH DATA ELEMENTS--GENERAL INFORMATION
fixed length control field 130620s1974 xr 0000f cze
035 ## - SYSTEM CONTROL NUMBER
System control number SNK000089475
039 #9 - LEVEL OF BIBLIOGRAPHIC CONTROL AND CODING DETAIL [OBSOLETE]
Level of rules in bibliographic description 202107241133
Level of effort used to assign nonsubject heading access points AUTHORITY
Level of effort used to assign subject headings 202107241133
Level of effort used to assign classification csnk01
Level of effort used to assign subject headings 202107241133
Level of effort used to assign classification csnk01
Level of effort used to assign subject headings 201306201923
Level of effort used to assign classification VLOAD
040 ## - CATALOGING SOURCE
Original cataloging agency SNK
Language of cataloging slo
Transcribing agency SNK
Description conventions AACR2
041 1# - LANGUAGE CODE
Language code of text/sound track or separate title cze
Language code of original por
044 ## - COUNTRY OF PUBLISHING/PRODUCING ENTITY CODE
MARC country code xr
ISO country code CZ
080 ## - UNIVERSAL DECIMAL CLASSIFICATION NUMBER
Universal Decimal Classification number 869.0(81)-311.2
Edition identifier 1981
100 1# - MAIN ENTRY--PERSONAL NAME
Personal name Amado, Jorge,
Dates associated with a name 1912-2001
Relationship aut
240 10 - UNIFORM TITLE
Uniform title Gabriela, ravo e Canela
Language of a work Česky
245 10 - TITLE STATEMENT
Title Mulatka Gabriela
Remainder of title kronika provinčního městečka
Statement of responsibility, etc. Jorge Amado ; přeložil Zdeněk Hampl
250 ## - EDITION STATEMENT
Edition statement 3. vyd.
260 ## - PUBLICATION, DISTRIBUTION, ETC.
Place of publication, distribution, etc. Praha
Name of publisher, distributor, etc. Lidové nakladateství
Date of publication, distribution, etc. 1974
300 ## - PHYSICAL DESCRIPTION
Extent 468, [2] s.
Dimensions
490 1# - SERIES STATEMENT
Series statement Knihy Srdce
Volume/sequential designation sv. 41
500 ## - GENERAL NOTE
General note Preložené z portugalčiny
655 #7 - INDEX TERM--GENRE/FORM
Genre/form data or focus term brazílske romány
Source of term SNKPH
700 1# - ADDED ENTRY--PERSONAL NAME
Personal name Hampl, Zdeněk,
Dates associated with a name 1929-1986
Relationship trl
830 #0 - SERIES ADDED ENTRY--UNIFORM TITLE
Uniform title Knihy Srdce
942 ## - ADDED ENTRY ELEMENTS (KOHA)
Source of classification or shelving scheme Dewey Decimal Classification
Koha item type Krásna literatúra pre dospelých
Suppress in OPAC No
949 ## - LOCAL PROCESSING INFORMATION (OCLC)
6 270001000393515
a svkbbS 56
b svkbbm 286312
949 ## - LOCAL PROCESSING INFORMATION (OCLC)
6 273K0016313
a svkpoA 94975
b svkpo216971
Holdings
Stav vyradenia Strata Poškodenie Spôsob nadobudnutia Domovská knižnica Aktuálna knižnica Dátum nadobudnutia Total checkouts Čiarový kód exemplára Date last seen Typ exemplára
      Dar Obecná knižnica Horná Štubňa Obecná knižnica Horná Štubňa 29.01.2026   4736200805 29.01.2026 Krásna literatúra pre dospelých
Projekt je podporený Slovenskou asociáciou knižníc
Prevádzkuje Turčianska knižnica Martin 2026